[Event "Wch U20"]
[Site "Yerevan"]
[Date "1999.09.26"]
[Round "9"]
[White "Benkovic, Petar"]
[Black "Brulic, Denis"]
[Result "1-0"]
[WhiteElo "2328"]
[BlackElo "2121"]

1.Nf3 Nf6 2.c4 e6 3.g3 b6 4.Bg2 Bb7 5.O-O c5 6.Nc3 Be7 7.d4 cxd4 8.Qxd4 Nc6
9.Qf4 d6 10.Rd1 a6 11.b3 Qc7 12.Bb2 O-O 13.Rac1 Na7 14.e4 Rfd8 15.Qe3 Rac8
16.h3 Bf8 17.Nd4 Qb8 18.Rd2 Nc6 19.Rcd1 Ne5 20.Qe2 Ned7 21.g4 Qa8 22.g5 Ne8
23.h4 Nc7 24.Qg4 Nc5 25.h5 Re8 26.g6 hxg6 27.hxg6 fxg6 28.Qxg6 b5 29.Re2 bxc4
30.bxc4 Rcd8 31.Re3 e5 32.Nf5 Re6 33.Qg5 Rf6 34.Rg3 N5e6 35.Qxf6  1-0

[Event "Tatry op"]
[Site "Tatranska Lomnica"]
[Date "1999.10.09"]
[Round "8"]
[White "Jasny, Stanislav"]
[Black "Krak, Tomas"]
[Result "1-0"]
[WhiteElo "2283"]
[BlackElo "2076"]

1.Nf3 Nf6 2.c4 c5 3.g3 b6 4.Bg2 Bb7 5.O-O e6 6.Nc3 Be7 7.Re1 d6 8.e4 e5 9.d3 O-O
10.Nh4 Nc6 11.Ne2 Ne8 12.Nf5 Bf6 13.Rb1 Nc7 14.f4 Ne6 15.Ne3 Ncd4 16.f5 Nxe2+
17.Qxe2 Nd4 18.Qf2 Bg5 19.h4 Bh6 20.b3 f6 21.Bb2 Bxe3 22.Rxe3 Bc6 23.g4 a6
24.Rg3 Ra7 25.Bc1 Be8 26.Bf3 Kh8 27.Be3 b5 28.Kh2 b4 29.Rbg1 a5 30.Bd1 a4
31.g5 axb3 32.axb3 Bc6 33.g6 Qc7 34.gxh7 Rfa8 35.Kh3 Ra2 36.Qe1 Rb2 37.Rxg7 Qxg7
38.Rxg7 Kxg7 39.Qg3+ Kxh7 40.Qg6+ Kh8 41.Qxf6+ Kh7 42.Qg6+ Kh8 43.Bxd4  1-0

[Event "Wch U18"]
[Site "Oropesa del Mar"]
[Date "1999.11.02"]
[Round "9"]
[White "Ibrahimov, Rasul"]
[Black "Bar, Roman"]
[Result "1-0"]
[WhiteElo "2396"]
[BlackElo "2324"]

1.Nf3 Nf6 2.c4 e6 3.g3 b6 4.Bg2 Bb7 5.O-O c5 6.Nc3 Be7 7.Re1 d5 8.cxd5 Nxd5
9.e4 Nxc3 10.bxc3 O-O 11.d4 cxd4 12.cxd4 Nc6 13.Bb2 Bf6 14.Rb1 Na5 15.Bc3 Nc4
16.Qd3 Ne5 17.Nxe5 Bxe5 18.a4 Rc8 19.Red1 Bf6 20.a5 Re8 21.axb6 axb6 22.Ba1 Ra8
23.Qb3 Ra6 24.Bf1 Rxa1 25.Rxa1 Bxe4 26.Qe3 Bb7 27.Bg2 Bxg2 28.Kxg2 g6 29.Qe4 Qd7
30.Ra8 Rxa8 31.Qxa8+ Kg7 32.d5 exd5 33.Qxd5 Qxd5+ 34.Rxd5 Be7 35.Rd7 Bc5
36.g4 h6 37.f4 Kf6 38.Rb7 Ke6 39.Kf3 Bg1 40.h3 Bd4 41.Rc7 Kf6 42.Ke4 Bf2
43.Rc6+ Kg7 44.Rc2 Bc5 45.Ke5 Be3 46.Rc3 Bc5 47.Rd3 Be7 48.Rd7 Bb4 49.Rb7 Bc5
50.h4 Bf2 51.h5 Bg1 52.Rd7 Bf2 53.Rd2 Bg3 54.hxg6 Kxg6 55.Rd6+ Kg7 56.Rxb6 Be1
57.Rc6 Bg3 58.Kf5 Bh4 59.Rd6 Be7 60.Rd7 Bb4 61.Rb7 Bc3 62.Ke4 Bd2 63.Rc7 Be1
64.Rc6 Bg3 65.Rc4 Kg6 66.Ke5 Bh2 67.Rc2 Bg1 68.Rc6+ Kg7 69.Kd6 Bh2 70.Rc4 Kf6
71.Kd7 Bg3 72.Ke8 Kg6 73.f5+ Kg7 74.Rc3 Be5 75.Re3 Bd6 76.Rd3  1-0

[Event "Chigorin mem"]
[Site "St Petersburg"]
[Date "1999.11.03"]
[Round "2"]
[White "Sorokin, Maxim"]
[Black "Sambuev, Bator"]
[Result "1-0"]
[WhiteElo "2574"]
[BlackElo "2390"]

1.Nf3 Nf6 2.c4 e6 3.g3 b6 4.Bg2 Bb7 5.O-O c5 6.Nc3 Be7 7.b3 O-O 8.e3 d5 9.Bb2 Nbd7
10.Qe2 a6 11.Rfd1 Qc7 12.Rac1 dxc4 13.bxc4 Bc6 14.d4 Qb7 15.d5 exd5 16.cxd5 Nxd5
17.Nxd5 Bxd5 18.Ne5 Nf6 19.Rxd5 Nxd5 20.Rd1 Rad8 21.Qd2 Nxe3 22.Bxb7 Nxd1
23.Qc2 c4 24.Nxc4 Bc5 25.Bxa6 Bxf2+ 26.Kg2 Rfe8 27.Bc1 Bc5 28.Nb2 Ne3+ 29.Bxe3 Bxe3
30.Nd3 g6 31.Qc7 Bd4 32.Bc4 Rf8 33.Bxf7+ Kh8 34.Nf4 Rc8 35.Qe7  1-0

[Event "Chigorin mem"]
[Site "St Petersburg"]
[Date "1999.11.10"]
[Round "9"]
[White "Malinin, Yuri"]
[Black "Kholmov, Ratmir D"]
[Result "0-1"]
[WhiteElo "2351"]
[BlackElo "2464"]

1.Nf3 Nf6 2.c4 e6 3.g3 b6 4.Bg2 Bb7 5.O-O c5 6.Nc3 Be7 7.Re1 Ne4 8.d4 Nxc3
9.bxc3 d6 10.d5 e5 11.e4 Nd7 12.a4 O-O 13.Nd2 Bg5 14.Nf1 Bxc1 15.Qxc1 Qc8
16.Bh3 Re8 17.Ne3 g6 18.Qc2 Kg7 19.Ra2 Qc7 20.Qd3 h5 21.f4 Nf6 22.Bg2 Qe7
23.Nf1 h4 24.Rf2 hxg3 25.hxg3 Ng4 26.Rfe2 Rh8 27.Qf3 exf4 28.gxf4 Qh4 29.Qg3 Qxg3
30.Nxg3 Ba6 31.Bf3 Rh4 32.e5 Bxc4 33.Rd2 Rd8 34.Re4 Rh3 35.Rg2 Bxd5 36.Bxg4 Rxg3
37.Rxg3 Bxe4 38.Re3 Bc6 39.Rd3 d5 40.Bd1 Rh8 41.Kf2 Rh1 42.a5 d4 43.cxd4 c4
44.Rd2 c3 45.Rd3 Be4 46.Rxc3 Rxd1 47.Rc7 Bf5  0-1

[Event "SLO-chT"]
[Site "Bled"]
[Date "1999.11.13"]
[Round "6"]
[White "Skoberne, Renato"]
[Black "Podkriznik, Gregor"]
[Result "0-1"]
[WhiteElo "2071"]
[BlackElo "2306"]

1.Nf3 Nf6 2.g3 b6 3.Bg2 Bb7 4.O-O e6 5.c4 c5 6.d3 Be7 7.e4 d6 8.Nc3 O-O 9.h3 a6
10.Re1 Nbd7 11.d4 cxd4 12.Nxd4 Qc7 13.Be3 Rac8 14.Rc1 Qb8 15.b3 Qa8 16.f3 Rfd8
17.Qe2 Re8 18.Bf2 Bd8 19.f4 Bc7 20.Nc2 Nf8 21.g4 Ng6 22.Bg3 b5 23.g5 Nd7
24.cxb5 Ba5 25.Nb1 Bxe1 26.Rxe1 axb5 27.a3 e5 28.f5 Nf4 29.Bxf4 exf4 30.Nd4 Bxe4
31.Bxe4 d5 32.Qxb5 Rxe4 33.Rxe4 dxe4 34.Nd2 Nc5 35.g6 fxg6 36.fxg6 Qd5 37.gxh7+ Kxh7
38.Qc4 Rd8  0-1

[Event "Monarch Assurance 8th"]
[Site "Port Erin"]
[Date "1999.11.13"]
[Round "8"]
[White "Farndon, David Alexander"]
[Black "Giddins, Stephen"]
[Result "1/2-1/2"]
[WhiteElo "2238"]
[BlackElo "2376"]

1.Nf3 Nf6 2.c4 b6 3.g3 c5 4.Bg2 Bb7 5.O-O e6 6.Nc3 a6 7.b3 d6 8.Bb2 Be7 9.d4 cxd4
10.Qxd4 Nbd7 11.Rfd1 O-O 12.Bh3 Qc7 13.Rac1  1/2-1/2

[Event "Eu Team Ch (women)"]
[Site "Batumi GEO"]
[Date "1999.12.04"]
[Round "5"]
[White "Demina,J"]
[Black "Khurtsidze,N"]
[Result "0-1"]
[WhiteElo "2377"]
[BlackElo "2472"]

1.Nf3 Nf6 2.c4 e6 3.g3 b6 4.Bg2 Bb7 5.O-O c5 6.Nc3 Be7 7.d4 cxd4 8.Qxd4 d6
9.Rd1 a6 10.Bg5 Nbd7 11.Rac1 O-O 12.Nd2 Bxg2 13.Kxg2 h6 14.Bxf6 Nxf6 15.b3 Qb8
16.a4 Rd8 17.e4 Nd7 18.Qe3 Bf6 19.h4 Nc5 20.Kh3 Qb7 21.Ne2 b5 22.axb5 axb5
23.Nd4 Bxd4 24.Qxd4 e5 25.Qe3 b4 26.Rf1 Ra2 27.Rb1 Rda8 28.f4 exf4 29.Qxf4 Qd7+
30.Kg2 Rc2 31.Qe3 Raa2 32.Rf2 Rc3 33.Qe2 Qe6 34.Rd1 Qg6 35.Rf3 Nxe4 36.h5 Qe6
37.Rd3 Nxd2 38.Qxe6 Nxb3+  0-1

[Event "Eu Team Ch"]
[Site "Batumi GEO"]
[Date "1999.12.04"]
[Round "5"]
[White "Delchev,A"]
[Black "Anastasian,A"]
[Result "0-1"]
[WhiteElo "2521"]
[BlackElo "2545"]

1.Nf3 Nf6 2.c4 c5 3.g3 b6 4.Bg2 Bb7 5.O-O e6 6.Nc3 Be7 7.d4 cxd4 8.Qxd4 O-O
9.b3 d6 10.Ba3 Na6 11.e4 Qb8 12.Rad1 Rd8 13.Qe3 Nc5 14.Nd4 a6 15.h3 Qc7 16.Rd2 h6
17.Rfd1 Rac8 18.Nc2 Qb8 19.Ne1 Qa8 20.e5 dxe5 21.Bxb7 Qxb7 22.Rxd8+ Bxd8
23.Bxc5 bxc5 24.Nf3 Nd7 25.Ne4 Be7 26.Nd6 Bxd6 27.Rxd6 e4 28.Qd2 Rc7 29.Nh2 Nf6
30.Ng4 Nxg4 31.hxg4 Rc8 32.Rd7 Qc6 33.Rd6 Qa8 34.Rd7 Qc6 35.Rd6 Qc7 36.Rd7 Qe5
37.Qf4 Qxf4 38.gxf4 Rc6 39.f5 exf5 40.gxf5 Kf8 41.Kg2 Ke8 42.Rd5 Ke7 43.Kg3 g5
44.Kg4 Rd6 45.Rxc5 Rd2 46.Ra5 Rxf2 47.Rxa6 Rf4+ 48.Kg3 h5 49.f6+ Rxf6 50.Ra5 h4+
51.Kg4 e3  0-1

[Event "ch-RUS KO"]
[Site "Moscow RUS"]
[Date "1999.12.20"]
[Round "3.4"]
[White "Sherbakov,R"]
[Black "Dvoirys,S"]
[Result "1/2-1/2"]
[WhiteElo "2541"]
[BlackElo "2590"]

1.Nf3 Nf6 2.c4 c5 3.g3 b6 4.Bg2 Bb7 5.O-O e6 6.b3 Be7 7.Bb2 O-O 8.e3 d5 9.Nc3 Nc6
10.cxd5 exd5 11.d4 Rc8 12.Re1 Nb4 13.a3 Nc6 14.Rc1 Re8 15.Re2 Bf8 16.dxc5 bxc5
17.Rd2 Na5 18.Nh4 Qb6 19.Nxd5 Nxd5 20.Bxd5 Bxd5 21.Rxd5 Qxb3 22.Rc2 Nc4 23.Bc1 Rcd8
24.e4 Rxd5 25.exd5 Re5 26.Nf3 Rxd5 27.Qxd5 Qxc2 28.Bf4 Nb6 29.Qd8 Qf5 30.Qb8 Qd7
31.h4 f6 32.Be3 c4 33.Bxb6 axb6 34.Qxb6 Bxa3 35.Qa6 Qd3  1/2-1/2

[Event "ch-ROM (women)"]
[Site "Lasi ROM"]
[Date "1999.12.21"]
[Round "7"]
[White "Jicman,L"]
[Black "Peptan,C"]
[Result "0-1"]
[WhiteElo "2274"]
[BlackElo "2419"]

1.Nf3 Nf6 2.c4 e6 3.g3 b6 4.Bg2 Bb7 5.O-O c5 6.Nc3 Be7 7.d4 cxd4 8.Qxd4 Nc6
9.Qf4 O-O 10.Rd1 Qc8 11.b3 Nb4 12.Bb2 Na6 13.Rac1 Nc5 14.Nb5 Nce4 15.h4 h6
16.Bxf6 Nxf6 17.Nd6 Bxd6 18.Qxd6 Rd8 19.Ne5 Bxg2 20.Kxg2 Qc5 21.b4 Qxd6 22.Rxd6 Kf8
23.f3 Ke7 24.Rcd1 Rac8 25.b5 Rf8 26.R6d3 Rc7 27.f4 h5 28.Kf3 a6 29.Rb3 axb5
30.cxb5 Ra8 31.a3 Ra4 32.Rdd3 Ne4 33.Rb4 Rxb4 34.axb4 Nd6 35.Ra3 Nxb5 36.Ra6 Nd4+
37.Ke3 Nf5+ 38.Kf2 b5 39.Rb6 Nd6 40.Nd3 Rc2 41.Nc5 Rb2 42.Nd3 Ra2 43.Nc5 Rb2
44.Nd3 Rc2 45.Nc5 Rc4 46.Nd3 g6 47.Kf3 Nf5 48.Rb7 Rc3 49.Kf2 Nd6 50.Rb6 Rb3
51.Kg2 Rb1 52.Rb8 Rd1 53.Rb6 Rd2 54.Kf2 Nf5 55.Rxb5 Rxe2+ 56.Kxe2 Nd4+ 57.Ke3 Nxb5
58.Ne5 d6 59.Nf3 f6 60.Kd3 d5 61.Nd2 e5 62.Ke3 Ke6  0-1

[Event "Weihnachtsopen"]
[Site "Zurich SUI"]
[Date "1999.12.29"]
[Round "6"]
[White "Kustar,S"]
[Black "Kranz,A"]
[Result "1-0"]
[WhiteElo "2458"]
[BlackElo "2202"]

1.Nf3 Nf6 2.c4 c5 3.g3 b6 4.Bg2 Bb7 5.O-O e6 6.Nc3 Be7 7.d4 cxd4 8.Qxd4 a6
9.b3 d6 10.Ba3 Nc6 11.Qf4 d5 12.Bxe7 Nxe7 13.Ne5 O-O 14.Rfd1 Qb8 15.Rac1 Ra7
16.cxd5 Nexd5 17.Nxd5 Bxd5 18.Nc6 Qxf4 19.gxf4 Rd7 20.Nb4 Bxg2 21.Kxg2 Rxd1
22.Rxd1 a5 23.Nc6 Nd5 24.Kf3 Rc8 25.Rxd5  1-0

[Event "Regionalliga SO9899"]
[Site "Bayern"]
[Date "1999.??.??"]
[Round "?"]
[White "Gschwendtner, Stanislav"]
[Black "Prediger, Rupert"]
[Result "0-1"]
[WhiteElo "2035"]
[BlackElo "2160"]

1.c4 c5 2.Nf3 Nf6 3.g3 b6 4.Bg2 Bb7 5.O-O e6 6.Nc3 Be7 7.Re1 d5 8.cxd5 Nxd5
9.e4 Nxc3 10.bxc3 O-O 11.d4 Nd7 12.Rb1 cxd4 13.cxd4 Nf6 14.Ne5 Rc8 15.Bf4 Rc3
16.Qd2 Qc8 17.Rec1 Rxc1+ 18.Rxc1 Qa8 19.f3 Rc8 20.Nc4 Rd8 21.Qb2 Ne8 22.Ne5 Rc8
23.Rd1 Nf6 24.Bh3 Re8 25.Qb3 Bf8 26.Bg5 Qd8 27.a4 h6 28.Be3 Bd6 29.Bf1 Qe7
30.Bb5 Rc8 31.Bf2 Qc7 32.Nc4 Bf8 33.a5 bxa5 34.Rc1 a6 35.Ba4 Bd5 36.exd5 exd5
37.Qd1 dxc4 38.Bb3 c3 39.Qd3 Ba3 40.Rc2 a4 41.Ba2 Qa5 42.Qg6 Nd5 43.Qf5 Rd8
44.g4 Qb5 45.Bh4 Rd7 46.Bc4 Qxc4 47.Qxd7 Qxd4+ 48.Rf2 Qd1+ 49.Rf1 c2 50.Qc8+ Bf8
51.Bf2 a3  0-1

[Event "Oberliga Bayern9899"]
[Site "Bayern"]
[Date "1999.??.??"]
[Round "?"]
[White "Urankar, Hans Peter"]
[Black "Rohrbach, Frank"]
[Result "0-1"]
[WhiteElo "2175"]
[BlackElo "2085"]

1.Nf3 Nf6 2.c4 c5 3.g3 b6 4.Bg2 Bb7 5.O-O e6 6.Nc3 Be7 7.Re1 d6 8.e4 Nbd7
9.d4 cxd4 10.Nxd4 Qc7 11.Ndb5 Qc6 12.f4 a6 13.Nd4 Qxc4 14.Be3 Qc7 15.Rc1 Qb8
16.Bf2 Ra7 17.b4 O-O 18.g4 d5 19.e5 Ne4 20.Nxe4 dxe4 21.Nxe6 fxe6 22.Qxd7 Bd5
23.Qa4 Rxf4 24.h3 Qxe5 25.Rc8+ Rf8 26.Rxf8+ Bxf8 27.Bxb6 Rb7 28.Bc5 Qc3 29.Rf1 Bxc5+
30.bxc5 Qxc5+ 31.Kh1 Qb5 32.Qd4 Qb2 33.Qc5 h6 34.h4 Qe2 35.Qf8+ Kh7 36.Qf4 Rb2
37.Bh3 Qd2 38.Qe5 e3+ 39.Kg1 Qf2+ 40.Rxf2 exf2+ 41.Kh2 f1=Q+ 42.Qxb2 Qf4+
43.Kg1 Qg3+ 44.Bg2 Qxg4 45.Qc2+ Qg6 46.Qxg6+ Kxg6 47.Bf1 Kh5 48.Bxa6 Bxa2  0-1

[Event "CZE-chT2V 9899"]
[Site "CZE"]
[Date "1999.??.??"]
[Round "?"]
[White "Senkyr, V."]
[Black "Mojzis, Jan"]
[Result "0-1"]
[WhiteElo "2160"]
[BlackElo "2230"]

1.Nf3 Nf6 2.c4 c5 3.g3 b6 4.Bg2 Bb7 5.O-O e6 6.Nc3 Be7 7.b3 d6 8.Bb2 a6 9.d4 cxd4
10.Qxd4 Nbd7 11.Rfd1 Qc8 12.Rac1 Rb8 13.Ba3 Nc5 14.b4 Ncd7 15.b5 Nc5 16.bxa6 Bxa6
17.Nd2 O-O 18.Rb1 Rd8 19.Nb5 Rd7 20.e4 Bf8 21.Nf1 Bb7 22.f3 Ra8 23.Ne3 Bc6
24.Nc2 Ra5 25.Qb2 Bxb5 26.cxb5 Na4 27.Qb3 Nc3 28.Bb4 Nxd1 29.Rxd1 Rxb5 30.Bf1 Rxb4
31.Nxb4 d5 32.Na6 dxe4 33.Rxd7 Qxd7 34.Qxb6 exf3 35.Qe3 Qd5 36.h3 h5 37.a4 Bd6
38.Kf2 Ne4+ 39.Kxf3 Nc3+  0-1

[Event "DEN-chT 9899"]
[Site "Denmark"]
[Date "1999.??.??"]
[Round "6"]
[White "Christensen, Tobias"]
[Black "Jakobsen, Lars Veno"]
[Result "1/2-1/2"]
[WhiteElo "2370"]
[BlackElo "2353"]

1.c4 b6 2.Nf3 Bb7 3.g3 e6 4.Bg2 Nf6 5.O-O c5 6.b3 d6 7.Nc3 a6 8.d4 cxd4 9.Qxd4 Nbd7
10.Ba3 Nc5 11.Rfd1 Be7 12.Rac1 O-O 13.h3 Qc7 14.Qe3 Rfe8 15.Ng5 Bxg2 16.Kxg2 Qb7+
17.Qf3 Qxf3+ 18.exf3 Red8 19.Nge4 Ne8 20.Rd2 Nb7 21.Ne2 Kf8 22.Rcd1 Rac8
23.N4c3 Nc5 24.Bxc5 bxc5 25.Na4 Bf6 26.Nec3 Bd4 27.Ne2 Bf6 28.Nec3 Bd4 29.Ne2 Bf6  1/2-1/2

[Event "Dresden op"]
[Site "Dresden"]
[Date "1999.??.??"]
[Round "?"]
[White "Gutman, Lev"]
[Black "Gipslis, Aivars"]
[Result "1-0"]
[WhiteElo "2470"]
[BlackElo "2460"]

1.Nf3 Nf6 2.g3 b6 3.Bg2 Bb7 4.O-O e6 5.c4 c5 6.b3 Be7 7.Bb2 O-O 8.e3 d5 9.Qe2 dxc4
10.bxc4 Nc6 11.Rd1 Qc7 12.Nc3 a6 13.Rab1 Rab8 14.Ba1 Ba8 15.d4 cxd4 16.exd4 Na5
17.d5 Qxc4 18.d6 Qxe2 19.Nxe2 Bd8 20.Ne5 Bxg2 21.Kxg2 Rb7 22.Bc3 b5 23.Nf4 Nd7
24.Nfd3 Nxe5 25.Nxe5 f6 26.Nd3 Kf7 27.Nc5 Ra7 28.a4 bxa4 29.Nxa4 Nc6 30.Bd2 e5
31.Be3 Nd4 32.Bxd4 exd4 33.Rxd4 f5 34.Nc5 Bf6 35.Rd5 a5 36.d7 a4 37.Nb7 a3
38.d8=Q Rxd8 39.Nxd8+ Kg6 40.Rd6 a2 41.Ra1 f4 42.Nc6 Ra4 43.Ne5+ Kf5 44.Rd2 fxg3
45.hxg3 Kxe5 46.Raxa2 Rb4 47.Rdb2 Rc4 48.Rb5+ Ke6 49.f4 Kf7 50.Kf3 Rc3+ 51.Kg4 Kg6
52.f5+ Kh6 53.Rh2+  1-0

[Event "Espe Cup"]
[Site "ECU"]
[Date "1999.??.??"]
[Round "?"]
[White "Minaya, Juan M"]
[Black "Munoz, Hugo"]
[Result "1-0"]
[WhiteElo "2295"]
[BlackElo "2215"]

1.Nf3 c5 2.c4 b6 3.g3 Bb7 4.Bg2 e6 5.O-O Nf6 6.Nc3 d6 7.d4 cxd4 8.Qxd4 a6
9.Rd1 Nbd7 10.e4 Qc7 11.b3 Be7 12.Qe3 O-O 13.Bb2 Rac8 14.Rac1 Qb8 15.Nd4 Qa8
16.Qe2 Nc5 17.f3 Rfe8 18.b4 Ncd7 19.Nc2 Bf8 20.a3 Rc7 21.Ne3 d5 22.cxd5 exd5
23.exd5 Nxd5 24.Ncxd5 Rxc1 25.Rxc1 Bxd5 26.Qf2 Bc6 27.Nf5 Ne5 28.Bxe5 Rxe5
29.f4 Rxf5 30.Rxc6 Qd8 31.Qxb6 Qd1+ 32.Bf1 Rd5 33.Qe3 a5 34.Rc1 Qh5 35.Rc8 Qg6
36.Qe7 Qb6+ 37.Kh1  1-0

[Event "Cataluna-chT"]
[Site "ESP"]
[Date "1999.??.??"]
[Round "3"]
[White "Jerez Perez, Alfonso"]
[Black "Vives Esmerat, J."]
[Result "1-0"]
[WhiteElo "2405"]
[BlackElo "2330"]

1.Nf3 Nf6 2.g3 b6 3.Bg2 Bb7 4.O-O c5 5.c4 e6 6.Nc3 Be7 7.b3 O-O 8.Bb2 d5
9.cxd5 exd5 10.d4 Nbd7 11.Rc1 Re8 12.Qc2 Bf8 13.Rfd1 Rc8 14.e3 Ne4 15.dxc5 Nxc3
16.Bxc3 Nxc5 17.Qb1 Ne4 18.Bb2 Bc5 19.Nd4 Qg5 20.Qd3 h5 21.Rc2 Bxd4 22.Bxd4 Rxc2
23.Qxc2 Rc8 24.Qd3 h4 25.Bb2 Qf5 26.f3 hxg3 27.fxe4 Qf2+ 28.Kh1 Qxb2 29.exd5 Rc2
30.Qe4 g6 31.hxg3 Qxa2 32.Qe8+ Kg7 33.Qe5+ Kh7 34.Rd4 Qa1+ 35.Kh2 Kg8 36.Qb8+ Kg7
37.Qxb7  1-0

[Event "FIN-chTB9899"]
[Site "FIN"]
[Date "1999.??.??"]
[Round "7"]
[White "Havansi, Erkki ET"]
[Black "Tolonen, Mikko"]
[Result "0-1"]
[WhiteElo "2235"]
[BlackElo "2264"]

1.c4 Nf6 2.Nf3 c5 3.g3 b6 4.Bg2 Bb7 5.O-O e6 6.Nc3 Be7 7.d4 cxd4 8.Qxd4 d6
9.b3 Nbd7 10.Bb2 a6 11.Rad1 Qc7 12.Ng5 Bxg2 13.Kxg2 O-O 14.e4 Rfd8 15.h3 h6
16.Nf3 Qb7 17.Kh2 b5 18.Nd2 Nb6 19.cxb5 axb5 20.a3 b4 21.axb4 d5 22.e5 Ne8
23.Ra1 Nd7 24.b5 Nc7 25.Ra4 Nxb5 26.Nxb5 Qxb5 27.Rfa1 Rac8 28.Qe3 Bc5 29.Bd4 Bxd4
30.Rxd4 Rc2 31.Raa4 Qc5 32.Kg2 Rc3 33.Qe2 Qc7 34.f4 Re8 35.h4 Nc5 36.Rab4 Rc2
37.Kh3 Ne4 38.Qb5 Ra8 39.Nxe4 dxe4 40.Rbc4 Rxc4 41.Qxc4 Qa7 42.Rxe4 Qg1 43.Qc2 Qh1+
44.Kg4 g6 45.Ra4 Rxa4 46.bxa4 h5+ 47.Kg5 Kg7 48.Qd3 Qh3  0-1

[Event "SWZ-ch"]
[Site "Graechen"]
[Date "1999.??.??"]
[Round "?"]
[White "Kaenel, Hansjuerg"]
[Black "Kupper, Patrick"]
[Result "1/2-1/2"]
[WhiteElo "2402"]
[BlackElo "2300"]

1.Nf3 c5 2.c4 Nf6 3.g3 b6 4.Bg2 Bb7 5.O-O e6 6.b3 d6 7.Bb2 Be7 8.d4 cxd4
9.Qxd4 Nbd7 10.Nc3 a6 11.e4 Qc7 12.Qe3 O-O 13.Nd4 Rfe8 14.Rad1 Bf8 15.Qd2 Rad8
16.Rfe1 Qb8 17.Re2 Nc5 18.Rde1 Ba8 19.Qc2 Ncd7 20.a4 g6 21.h3 Bg7 22.Na2 Bb7
23.Nf3 Qa8 24.Nd2 h5  1/2-1/2

[Event "Havana Provincial"]
[Site "Havana"]
[Date "1999.??.??"]
[Round "?"]
[White "Poyato, Antonio"]
[Black "Garcia, Osmel"]
[Result "1-0"]
[WhiteElo "2205"]
[BlackElo "2350"]

1.Nf3 c5 2.c4 Nf6 3.g3 b6 4.Bg2 Bb7 5.O-O e6 6.Nc3 Be7 7.Re1 d6 8.e4 Nbd7
9.d4 cxd4 10.Nxd4 Qc7 11.b3 a6 12.Bb2 O-O 13.Rc1 Rfe8 14.Nd5 exd5 15.cxd5 Nc5
16.b4 Bf8 17.bxc5 bxc5 18.Nf5 Bc8 19.Qf3 Bxf5 20.Qxf5 Rab8 21.Ba1 Nd7 22.Bf1 Ne5
23.Qh5 Qa5 24.f4 Nd7 25.Qe2 Rb6 26.e5 Qa3 27.Bh3 Nf6 28.Qd1 dxe5 29.fxe5 Nh5
30.Qxh5 Rh6 31.Qg4 c4 32.Bg2 Bc5+ 33.Kh1 Bf2 34.Rc3 Qc5 35.Rf1 Bd4 36.Qd7 Rf8
37.Rcf3 f6 38.Bxd4 Qxd4 39.e6 Qe5 40.e7  1-0

[Event "HUN-chT9899"]
[Site "HUN"]
[Date "1999.??.??"]
[Round "?"]
[White "Konopka, Michal"]
[Black "Pergel, Laszlo"]
[Result "1/2-1/2"]
[WhiteElo "2465"]
[BlackElo "2245"]

1.Nf3 c5 2.c4 Nf6 3.g3 b6 4.Bg2 Bb7 5.O-O e6 6.Nc3 Be7 7.d4 cxd4 8.Qxd4 O-O
9.Bg5 h6 10.Bxf6 Bxf6 11.Qd3 Na6 12.Rfd1 Nc5 13.Qc2 Qe7 14.Rac1 Rfd8 15.Nd4 Bxg2
16.Kxg2 Rac8 17.e3 d6 18.Qe2 Qb7+ 19.Qf3 Qxf3+ 20.Kxf3 Nb7 21.b3 Kf8 22.Ke2 Rd7
23.f4 Bxd4 24.exd4 d5 25.cxd5 exd5 26.Nb5 Rxc1 27.Rxc1 Nd6 28.Rc7 Ke7 29.a4 Nxb5
30.Rxd7+ Kxd7 31.axb5 f5 32.Kf3 Ke6 33.Kg2 Kf6 34.Kh3 g6 35.Kh4 Kg7 36.Kh3 Kh7
37.g4 Kg7 38.gxf5 gxf5 39.Kh4 Kh7 40.Kh5 Kg7  1/2-1/2

[Event "HUN-chT9899"]
[Site "HUN"]
[Date "1999.??.??"]
[Round "?"]
[White "Kozma, Karoly"]
[Black "Zsinka, Laszlo"]
[Result "0-1"]
[WhiteElo "2270"]
[BlackElo "2340"]

1.Nf3 Nf6 2.g3 b6 3.Bg2 Bb7 4.O-O e6 5.c4 c5 6.Nc3 d6 7.d4 cxd4 8.Qxd4 a6
9.Rd1 Nbd7 10.Ng5 Bxg2 11.Kxg2 Be7 12.Nge4 O-O 13.Nxf6+ Nxf6 14.b3 Qc7 15.Bb2 Qb7+
16.f3 b5 17.Rab1 Rfd8 18.Ne4 Rac8 19.Rdc1 bxc4 20.Rxc4 Rxc4 21.Nxf6+ Bxf6
22.Qxc4 d5 23.Qd3 e5 24.Qd2 d4 25.Qd3 Re8 26.Qe4 Qxe4 27.fxe4 Rc8 28.Rc1 Rxc1
29.Bxc1 Kf8 30.Kf1 Ke7 31.Ke1 Ke6 32.Kd1 Be7 33.Kc2 h5 34.Kd3 g6 35.Bd2 f5
36.b4 g5 37.a4 Bf6 38.b5 axb5 39.axb5 f4 40.gxf4 exf4 41.e5 Kxe5 42.b6 Kf5
43.Bb4 Be5 44.Bc5 g4 45.b7 h4 46.Bxd4 Bb8 47.Bg1 h3 48.e3 f3 49.e4+ Ke6 50.Bd4 g3
51.Bg1 f2 52.Bxf2 gxh2  0-1

[Event "HUN-chT29899"]
[Site "HUN"]
[Date "1999.??.??"]
[Round "?"]
[White "Mate, Laszlo"]
[Black "Kotan, Ladislav"]
[Result "1-0"]
[WhiteElo "2330"]
[BlackElo "2305"]

1.c4 e6 2.g3 c5 3.Nf3 b6 4.Bg2 Bb7 5.O-O Nf6 6.Nc3 Be7 7.Re1 O-O 8.e4 d6
9.d4 cxd4 10.Nxd4 Qc8 11.Be3 Rd8 12.Rc1 Nbd7 13.f4 a6 14.h3 Qc7 15.g4 g6
16.f5 e5 17.Nd5 Nxd5 18.cxd5 Nc5 19.Ne2 a5 20.g5 f6 21.Ng3 Qd7 22.Qd2 Ba6
23.Rc3 Rac8 24.h4 b5 25.Bf1 Rf8 26.h5 gxh5 27.gxf6 Bxf6 28.Nxh5 Kh8 29.Bh6 Rg8+
30.Kh1 Qe7 31.Rh3 b4 32.Bxa6 Nxa6 33.Qh2 Rc7 34.Be3 Nc5 35.Bxc5 dxc5 36.Rd1 Rd7
37.b3 Rg4 38.Qe2 Rg5 39.Qa6 Rd6 40.Qc8+  1-0

[Event "Kharkov"]
[Site "Kharkov"]
[Date "1999.??.??"]
[Round "7"]
[White "Iljin, Stanislav"]
[Black "Nedobora, Mikhail"]
[Result "1/2-1/2"]
[WhiteElo "2355"]
[BlackElo "2465"]

1.Nf3 c5 2.c4 Nf6 3.g3 b6 4.Bg2 Bb7 5.O-O e6 6.Nc3 a6 7.Re1 d6 8.e4 Nbd7
9.d4 cxd4 10.Nxd4 Qc7 11.b3 b5 12.Be3 bxc4 13.Rc1 Nc5 14.Na4 Nxa4 15.Rxc4 Nc5
16.b4 Be7 17.bxc5 dxc5 18.Nb3 Nd7 19.Nxc5  1/2-1/2

[Event "Kiev-ch"]
[Site "Kiev"]
[Date "1999.??.??"]
[Round "10"]
[White "Panchenko, Alexandar G"]
[Black "Kovalenko, Vladimir"]
[Result "1-0"]
[WhiteElo "2427"]
[BlackElo "2290"]

1.Nf3 Nf6 2.g3 b6 3.Bg2 Bb7 4.O-O e6 5.c4 c5 6.Nc3 Be7 7.b3 Ne4 8.Nxe4 Bxe4
9.d3 Bb7 10.Bb2 Bf6 11.Qd2 Bxb2 12.Qxb2 Qf6 13.Qxf6 gxf6 14.d4 cxd4 15.Nxd4 Bxg2
16.Kxg2 Ke7 17.Rfd1 Rc8 18.Rd2 a6 19.Rad1 Ra7 20.e4 Nc6 21.Nc2 b5 22.Ne3 Na5
23.cxb5 axb5 24.Nc2 Rc3 25.Nd4 Rb7 26.Kh3 Nc6 27.Kh4 Nxd4 28.Rxd4 Rf3 29.R1d2 f5
30.exf5 Rxf5 31.Rc2 Rb6 32.f4 Rd6 33.Rb4 Rc6 34.Re2 Rc3 35.Rd2 Rfc5 36.Rbd4 d5
37.Kg5 f6+ 38.Kh6 Rc2 39.Kxh7 Rxd2 40.Rxd2 Kd6 41.g4 Rc3 42.g5 fxg5 43.fxg5 Rh3+
44.Kg8 Ke7 45.g6 Rh4 46.g7 d4 47.Rf2 e5 48.Rf7+ Ke8 49.Rf5 Re4 50.Rh5 d3
51.Kh7 Rg4 52.g8=Q+ Rxg8 53.Kxg8  1-0

[Event "GER-ch U16"]
[Site "Oberhof"]
[Date "1999.??.??"]
[Round "?"]
[White "Seel, Christian"]
[Black "Nguyen Hoang"]
[Result "1-0"]
[WhiteElo "2000"]
[BlackElo "1820"]

1.Nf3 Nf6 2.c4 b6 3.g3 Bb7 4.Bg2 e6 5.O-O c5 6.Nc3 Be7 7.Re1 O-O 8.e4 d6
9.d4 cxd4 10.Nxd4 a6 11.e5 dxe5 12.Bxb7 Ra7 13.Nxe6 Qxd1 14.Rxd1 fxe6 15.Bf3 Rc7
16.Be3 Rxc4 17.Bxb6 Nfd7 18.Be2 Nxb6 19.Bxc4 Nxc4 20.Rab1 Bc5 21.Ne4 Bd4
22.b3 Nb6 23.Kg2 Nd5 24.Rbc1 a5 25.Rd2 h6 26.Rdc2 Nb4 27.Rc8 N8a6 28.a3 Nd3
29.Rxf8+ Kxf8 30.Rd1 Ndc5 31.Nxc5 Nxc5 32.b4 axb4 33.axb4 Ne4 34.Rc1 Nxf2
35.Rf1 Ke7 36.Rxf2 Kd6 37.Rc2 Kd5 38.Kf3 e4+ 39.Ke2 Bb6 40.Rc8 Bd4 41.b5 Bb6
42.Rg8 Bg1 43.Rxg7 Kc5 44.h3 Kxb5 45.Rg6 Bh2 46.Rxh6 Bxg3 47.Rxe6 Kc5 48.Rxe4 Kd5
49.Kf3 Be5 50.h4 Bf6 51.h5 Be5 52.h6 Ba1 53.h7  1-0

[Event "Staufer-Open 11th"]
[Site "Schwaebisch Gmuend"]
[Date "1999.??.??"]
[Round "3"]
[White "Panchenko, Alexander N"]
[Black "Rau, Juergen"]
[Result "1/2-1/2"]
[WhiteElo "2430"]
[BlackElo "2175"]

1.Nf3 Nf6 2.g3 e6 3.c4 b6 4.Bg2 Bb7 5.O-O c5 6.Nc3 Be7 7.b3 O-O 8.Bb2 d6
9.d4 cxd4 10.Nxd4 Bxg2 11.Kxg2 Qc7 12.e3 a6 13.f4 Nc6 14.Nxc6 Qxc6+ 15.Qf3 Qxf3+
16.Kxf3 Rfc8 17.Rac1 Kf8 18.Rfd1 Rc6 19.e4 Ke8 20.Ne2 g6 21.f5 exf5 22.exf5 Rc5
23.fxg6 hxg6 24.Bxf6 Rf5+ 25.Nf4 Rxf6 26.Kg2 Rf5 27.Nd5 Bd8 28.Nc3 Bg5 29.Rc2 Be7
30.Ne4 Rd8 31.Rcd2 Ra5 32.a4 b5 33.cxb5 axb5 34.Rd5 Rc8 35.axb5 Rc2+ 36.R1d2 Rxd2+
37.Nxd2 Kd7 38.Nc4 Ra2+ 39.Rd2 Rxd2+ 40.Nxd2 d5 41.Nf3 Bf6 42.Ne1 Kc7 43.Nd3 Kb6
44.Nf4 Kxb5 45.Nxd5 Bg7 46.Kf3 Kc5 47.Nf4 Kb4 48.Ke4 Kxb3 49.Nd3 Kc3 50.Ne5 f5+
51.Kf4 Bh6+ 52.Kf3 g5 53.g4 Kd4 54.Nf7 fxg4+ 55.Kxg4 Bg7 56.Kxg5 Kd5 57.h4 Ke6
58.Kg6 Bb2 59.Nh6 Ke7 60.h5 Kf8 61.Nf5 Bc1  1/2-1/2

[Event "Staufer-Open 11th"]
[Site "Schwaebisch Gmuend"]
[Date "1999.??.??"]
[Round "8"]
[White "Pribyl, Josef"]
[Black "Weiss, Andreas"]
[Result "1/2-1/2"]
[WhiteElo "2430"]
[BlackElo "2185"]

1.c4 Nf6 2.Nf3 c5 3.g3 b6 4.Bg2 Bb7 5.O-O e6 6.b3 Be7 7.Bb2 O-O 8.e3 Nc6
9.Nc3 Rc8 10.Qe2 d5 11.d3 Qd7 12.Rfd1 dxc4 13.dxc4 Qc7 14.Nb5 Qb8 15.Ng5 a6
16.Qc2 Rfd8 17.Nc3 h6 18.Nge4 Nb4 19.Qe2 Nxe4 20.Nxe4 f5 21.a3 Rxd1+ 22.Rxd1 Nc6
23.Nd2 Rf8 24.Nf3 Rd8 25.Ne1 Rxd1 26.Qxd1 Qe8 27.Nd3 Qd8 28.Qe2 Bf6 29.b4 Bxb2
30.Nxb2 cxb4 31.axb4 Qd7 32.Nd3 a5 33.b5 Nd8 34.Ne5 Qc7 35.f4 Bxg2 36.Qxg2 Qd6
37.h4 Qd1+ 38.Kh2 Nf7 39.c5 bxc5 40.b6 Nd6 41.b7 Qb3 42.Qc6 Qb2+  1/2-1/2